| 000 | 00923nam a2200265 i 4500 | ||
|---|---|---|---|
| 001 | bg | ||
| 100 | 1 | _aHALL, Carl L. | |
| 245 | 1 | 0 |
_aTechniczne podstawy systemów klient-serwer / _cCarl L. Hall ; z ang. przeł. Paweł Niedziałek. |
| 246 |
_iTyt. oryg.: _aTechnical foundations of client/server systems |
||
| 260 |
_aWarszawa : _bWydawnictwa Naukowo-Techniczne, _c1996. |
||
| 300 |
_a187, [1] s. : _brys. ; _c24 cm. |
||
| 500 | _aOryg. : "Technical foundations of client/server systems" 1994. | ||
| 504 | _aBibliogr. s. 185. - Indeks. | ||
| 650 | 9 |
_aBaza danych _xbudowa i organizacja |
|
| 650 | 9 |
_aSieć komputerowa _xbudowa i organizacja |
|
| 655 | _aPodręczniki akademickie | ||
| 700 | 1 |
_aNIEDZIAŁEK, Paweł. _eTł. |
|
| 020 | _a8320419506 | ||
| 040 | _cBPK | ||
| 041 | 1 |
_apol _heng |
|
| 080 | _a681.324.06(075.8) | ||
| 920 | _a83-204-1950-6 | ||
| 942 | _cKS | ||
| 008 | s pl f |000 0 pol | ||
| 999 |
_c24657 _d24657 |
||
| 856 |
_uhttp://koha.tu.koszalin.pl/cgi-bin/koha/opac-detail.pl?biblionumber=24657 _yKatalog online BPK |
||